| 000 | 00446nam a2200157 4500 | ||
|---|---|---|---|
| 001 | 136684 | ||
| 003 | ES-MaACL | ||
| 005 | 20230906195212.0 | ||
| 007 | t| | ||
| 008 | 070214s1946 sp r ||||1| spa d | ||
| 100 | 1 |
_aSagardía, Ángel. _9139049 |
|
| 245 | 1 | 0 |
_aManuel de Falla / _cAngel Sagardía. |
| 260 |
_aMadrid : _bUnión Musical Española, _c1946. |
||
| 300 |
_a76 p., 1 lám. : _bil. ; _c20 cm. |
||
| 852 |
_aES-MaACL _j1856-F-1 _bR.22409 |
||
| 999 |
_c136684 _d136684 |
||